| 000 | 01658nam0a22002651 4500 | ||
|---|---|---|---|
| 001 | rc\3425745 | ||
| 005 | 20260407075005.0 | ||
| 021 |
_aRU _b[73-55718] |
||
| 035 | _a(NLR Aleph) 007584024 | ||
| 090 |
_a5538613 _c5538613 |
||
| 100 | _a20130115d1973 |||y0rusy50 ca | ||
| 101 | 0 | _arus | |
| 102 | _aRU | ||
| 105 | _aa z ||||| | ||
| 200 | 1 |
_aРекомендации по прокладке напорных трубопроводов из чугунных труб диаметром 65-300 мм со стыковым соединением на резиновой уплотнительной манжете _fГосстрой СССР. Гл. упр. по строит. проектированию предприятий, зданий и сооружений. Всесоюз. объединение "Союзводоканалниипроект". Всесоюз. науч.-исслед. ин-т водоснабжения, канализации, гидротехн. сооружений и инж. гидрогеологии "ВОДГЕО" |
|
| 210 |
_aМосква _cБ. и. _d1973 |
||
| 215 |
_a23 с. _cчерт. _d21 |
||
| 606 |
_aТрубопроводы напорные, чугунные _xПрокладка и монтаж _2psbo |
||
| 606 |
_aУплотнительные прокладки, резиновые _2psbo |
||
| 712 | 0 | 2 |
_aВНИИ водоснабжения, канализации, гидротехнических сооружений и инженерной гидрогеологии _9279213 _3RU\NLR\AUTH\883935 |
| 801 | 0 |
_aRU _bNLR _gpsbo |
|
| 801 | 1 |
_aRU _bELAR _2rusmarc |
|
| 852 |
_aNLR _j73-4/19989 |
||
| 942 | _cBOOK | ||
| 980 | _aNB | ||